Performing Independence: The Apolitical Image of Polish Think Tanks
| Titel: | Performing Independence: The Apolitical Image of Polish Think Tanks / Katarzyna Jezierska |
|---|---|
| Verfasser: | |
| In: |
Europe Asia studies, Band 70, Heft 3 (2018), Seite 345-364 alle Artikel anzeigen |
| Veröffentlicht: | 2018 |
| Format: | Aufsatz |
| Sprache: | Englisch |
X
alg: 50719101 001A $03025:20-04-23 001B $06050:02-08-24 $t08:03:24.000 001D $03025:20-04-23 001U $0utf8 001X $00 002@ $0Oou 002C $aText $btxt $2rdacontent 002D $aComputermedien $bc $2rdamedia 002E $aOnline-Ressource $bcr $2rdacarrier 003@ $0507191013 007A $0507191013 $aHEB 009Q $uhttps://doi.org/10.1080/09668136.2018.1447648 $xH 010@ $aeng 010E $erda 011@ $a2018 021A $aPerforming Independence: The Apolitical Image of Polish Think Tanks $hKatarzyna Jezierska 028A $BVerfasser $4aut $71020660465 $8Jezierska, Katarzyna$Z1979- [Tp3] $9291390536 031A $d70 $e3 $h345-364 $j2018 039B $aEnthalten in $8--Obvc--. Europe Asia studies. - New York, NY : Routledge, Taylor & Francis Group, 1993-. - Online-Ressource. - ISSN 1465-3427 $x201800000700003655 $9082062366 044K $RKongresspolen $RWestgalizien $#Generalgouvernement Polen $#Polska $#Rzeczpospolita Polska $#Polska Rzeczpospolita Ludowa $#Poland $#Pologne $#République Polonaise $#Generalne Gubernatorstwo w Polsce $#Polish People's Republic $#Polska Rzeczpospolita Polen $#PRL $#RP $#Polen Generalgouvernement $#Polska Generalgouvernement $#Besetzte Polnische Gebiete $#Besetztes Gebiet in Polen $#Okupowane Polskie Obszary $#Obszary Okupowane w Polsce $#Volksrepublik Polen $#Polska Rosyjska $#Republic Polen $#Respublika Pol'ša $#Pol'skaja Narodnaja Respublika $#République de Pologne $#Polen Links der Weichsel $#Polska po Lewej Stronie Wisły $#Lenkija $#Polija $#Gubernija Carstva Pol'skago $#Republik Polen $74046496-9 $8Polen [Tg1] $9085129801 044K $RPolitikberatung $RForschungsinstitut $#Research institutes $#Clubs de réflexion $#Think Tank $#Denkfabrik $#Think-Tank $#Think Tank $77566594-3 $8Thinktank [Ts1] $9185677754 044K $RSouveränität $RAutonomie $REigenständigkeit $#Sovereignty $#Autonomy $#Souveraineté $#Autonomie $#politische Unabhängigkeit $#Äußere Souveränität $74186820-1 $8Unabhängigkeit [Ts1] $9085913960 044K $#Politics and government $#Politics, Practical $#Politique et gouvernement $#Pratiques politiques $#Politica $#policies $#Politics $#Politik $#Politik $#Staatspolitik $#Politische Lage $#Politische Entwicklung $#Politische Situation $74046514-7 $8Politik [Tsz] $9085129836 045F $a909 $eDDC23BSB 045F/01 $a909 045F/03 $f0905 045F/03 $g438 045T $aOST $qDE-12 $2FID 045T $aASIEN $qDE-1a $2FID lok: 50719101 78 exp: 50719101 78 1 #EPN 201B/01 $020-04-23 $t15:35:13.000 201C/01 $020-04-23 201U/01 $0utf8 203@/01 $0123298597X 208@/01 $a20-04-23 $be 209A/01 $a/ $f000 $x00 209A/01 $ab*p $x01 220C/01 $apgar 244Z/01 $#Generalgouvernement Polen $#Polska $#Rzeczpospolita Polska $#Polska Rzeczpospolita Ludowa $#Poland $#Pologne $#République Polonaise $#Generalne Gubernatorstwo w Polsce $#Polish People's Republic $#Polska Rzeczpospolita Polen $#PRL $#RP $#Polen Generalgouvernement $#Polska Generalgouvernement $#Besetzte Polnische Gebiete $#Besetztes Gebiet in Polen $#Okupowane Polskie Obszary $#Obszary Okupowane w Polsce $#Volksrepublik Polen $#Polska Rosyjska $#Republic Polen $#Respublika Pol'ša $#Pol'skaja Narodnaja Respublika $#République de Pologne $#Polen Links der Weichsel $#Polska po Lewej Stronie Wisły $#Lenkija $#Polija $#Gubernija Carstva Pol'skago $#Republik Polen $74046496-9 $8--Tg1--Polen $x01 $9085129801 247C/01 $82080>Marburg/Lahn, Herder-Institut, Forschungsbibliothek, Bibliographieportal $9336309341
| LEADER | 00000caa a2200000 c 4500 | ||
|---|---|---|---|
| 001 | 507191013 | ||
| 003 | DE-603 | ||
| 005 | 20240802080324.0 | ||
| 007 | cr|||||||||||| | ||
| 008 | 230420s2018 xx |||| o| u00||u|eng c | ||
| 035 | |a (DE-599)HEB507191013 | ||
| 040 | |a DE-603 |b ger |c DE-603 |d DE-603 |e rda | ||
| 041 | |a eng | ||
| 082 | 0 | 4 | |8 1\u |a 909 |q DE-101 |2 23/BSB |
| 084 | |a OST |q DE-12 |2 fid | ||
| 084 | |a ASIEN |q DE-1a |2 fid | ||
| 085 | |8 1\u |b 909 | ||
| 085 | |8 1\u |z 1 |s 0905 | ||
| 085 | |8 1\u |z 2 |s 438 | ||
| 100 | 1 | |a Jezierska, Katarzyna |d 1979- |e Verfasser |4 aut |0 (DE-603)291390536 |0 (DE-588)1020660465 |2 gnd | |
| 245 | 0 | 0 | |a Performing Independence: The Apolitical Image of Polish Think Tanks |c Katarzyna Jezierska |
| 264 | 0 | |c 2018 | |
| 336 | |a Text |b txt |2 rdacontent | ||
| 337 | |a Computermedien |b c |2 rdamedia | ||
| 338 | |a Online-Ressource |b cr |2 rdacarrier | ||
| 650 | 7 | |a Thinktank |0 (DE-588)7566594-3 |0 (DE-603)185677754 |2 gnd | |
| 650 | 7 | |a Unabhängigkeit |0 (DE-588)4186820-1 |0 (DE-603)085913960 |2 gnd | |
| 650 | 7 | |a Politik |0 (DE-588)4046514-7 |0 (DE-603)085129836 |2 gnd | |
| 651 | 7 | |a Polen |0 (DE-588)4046496-9 |0 (DE-603)085129801 |2 gnd | |
| 773 | 0 | 8 | |i Enthalten in |t Europe Asia studies |d New York, NY : Routledge, Taylor & Francis Group, 1993- |h Online-Ressource |x 1465-3427 |g Band 70, Heft 3 (2018), Seite 345-364 |w (DE-603)082062366 |w (DE-600)1483403-0 |
| 856 | |u https://doi.org/10.1080/09668136.2018.1447648 |x Verlag | ||
| 924 | 1 | |9 2080 |a (DE-603)123298597X |b DE-2080 |c HES |d d |g / | |


